MDQL
is popping MORE tags! Check the
thread
!
Quizzes
Events
Quiz Creation
Community
Videos
Private Events
Remove Ads
Sign In
Join for FREE
Feedback
Dark Mode
Quiz Categories
Sports
Geography
Music
Movies
Television
Just For Fun
Miscellaneous
History
Literature
Language
Science
Gaming
Entertainment
Religion
Holiday
For Kids
Quiz Lab
Recent
Popular Today
Quiz Kudos Today
Editor Picks
Curator Picks
Quizzes by...
Day
Popularity
Type
Ratings
Length
Year
Community
Subscriptions
Recent Discussions
Orange Saloon
Badges
Playlists
Quests
Create
Leaderboards
Showdown
Live 5
Trivia Bingo
Activity
Puzzle Library
Sporcle Events
Private Events
Virtual Trivia
Globe League
Become a Host
Pub Owners
SporcleCon
Opinionation
Our Games
Videos
Blog
Mobile Apps
Partnerships
Remove Ads and Go Orange
Feedback
Sports
Athletes
MLB
NBA
NHL
NFL
Soccer
Sports Teams
WWE
NCAA
Football
Premier League
Basketball
Baseball
Hockey
Golf
Tennis
Cricket
Rugby
Auto Racing
Olympics
World Cup
Sports
Athletes
MLB
NBA
NHL
NFL
Soccer
Sports Teams
WWE
NCAA
Football
Premier League
Basketball
Baseball
Hockey
Golf
Tennis
Cricket
Rugby
Auto Racing
Olympics
World Cup
Random Quiz
Search Sporcle
×
Quiz Lab
Quiz Lab
Sports
Winner
Type in answers that appear in a list
Type in answers that appear in a list
Classic
Best Score? Go Orange.
Copa Libertadores coaches winners Stats
Can you name the Copa Libertadores coaches winners?
By
alexandrealipi3
10m
58 Questions
45 Plays
45 Plays
45 Plays
Comments
Comments
Give Quiz Kudos
Give Quiz Kudos
-
- Ratings
hide this ad
Replay
Link that replays current quiz
Next Quiz
Link to next quiz in quiz playlist
You Got
0%
They Got
Avg Score
29%
Avg Friend Score
Upgrade to see
Score Distribution
Jump to the score distribution portion of the page
Score
0/58
Timer
10:00
0
Plays Today
Year
Answer
% Correct
1994
Carlos Bianchi
80%
2000
Carlos Bianchi
80%
2001
Carlos Bianchi
80%
2003
Carlos Bianchi
80%
2015
Marcelo Gallardo
77.8%
1995
Luis Felipe Scolari
68.9%
1999
Luis Felipe Scolari
68.9%
2008
Edgardo Bauza
68.9%
2014
Edgardo Bauza
68.9%
2012
Tite
64.4%
2017
Renato Gaucho
60.5%
1992
Telê Santana
48.9%
1993
Telê Santana
48.9%
2016
Reinaldo Rueda
46.7%
2009
Alejandro Sabella
44.4%
2013
Cuca
44.4%
2011
Muricy Ramalho
40%
2007
Miguel Ángel Russo
37.8%
2006
Abel Braga
35.6%
1997
Paulo Autuori
31.1%
2005
Paulo Autuori
31.1%
2010
Celso Roth
31.1%
1977
Juan Carlos Lorenzo
28.9%
1978
Juan Carlos Lorenzo
28.9%
1998
Antonio Lopes
28.9%
1986
Héctor Veira
26.7%
1989
Francisco Maturana
26.7%
1996
Ramón Díaz
26.7%
1981
Paulo César Carpeggiani
22.2%
Year
Answer
% Correct
1983
Valdir Espinosa
22.2%
2002
Nery Pumpido
22.2%
1967
Juan Jose Pizzuti
20%
1985
José Yudica
20%
1962
Luis Alonso Perez
17.8%
1963
Luis Alonso Perez
17.8%
1973
Humberto Maschio
15.6%
1979
Luis Cubilla
15.6%
1984
José Omar Pastoriza
15.6%
1990
Luis Cubilla
15.6%
1976
Zezé Moreira
13.3%
1966
Roque Maspoli
8.9%
2004
Luis Fernando Montoya
8.9%
1960
Roberto Scarone
6.7%
1961
Roberto Scarone
6.7%
1972
Pedro Dellacha
6.7%
1974
Roberto Ferreiro
6.7%
1975
Pedro Dellacha
6.7%
1987
Oscar Tabárez
6.7%
1988
Roberto Fleitas
6.7%
1964
Manuel Giudice
4.4%
1965
Manuel Giudice
4.4%
1968
Osvaldo Zubedia
4.4%
1969
Osvaldo Zubedia
4.4%
1970
Osvaldo Zubedia
4.4%
1971
Washington Etchemandi
4.4%
1980
Juan Martín Mujica
4.4%
1982
Hugo Bagnulo
4.4%
1991
Mirko Jozic
4.4%
Quiz Playlist
Details
Report
Send in Message
Add To Playlist
Classic:
Type in answers that appear in a list
Last Updated: Dec 1, 2017
Quiz Scoreboard
CHALLENGE
Sign Up to Join the Scoreboard
Show All
Scores
Hide
Comments
May contain spoilers
Recently Published
1-10 Letter E Words III
by El_Dandy
Language
2m
Street Fighter Characters
by Artimus82
Gaming
60s
College Basketball Coaching Resumes
by pancakes188
Sports
9m
More to Explore
Quiz From the Vault
Featured Blog Post
Where Did the Easter Bunny Come From?
hide this ad
You Might Also Like...
Tags
coach
Copa Libertadores
Libertadore
Winner
Today's Top Quizzes in Sports
Browse Sports
hide this ad
Today's Top Quizzes in Winner
Browse Winner
Top Contributed Quizzes in Sports
1
2022 World Cup Stars
2
Les meilleurs buteurs des matchs entre le PSG et l’OM
3
FIFA Club World Cup Champions
4
Les entraîneurs de l'OM et du PSG au 21e siècle
5
Criteria MLB: Left Handed Sluggers
6
2023 MLB Unique Player Accomplishments
7
AFC Teams Reveal (Wrong Answers Minefield)
8
Players with Multiple 50 Home Run Seasons
9
NBA Logic Puzzle 2.0
10
5-to-1: FBS Animal Nicknames
Explore More
Trending Topics
Marvel
Crossword
Anime
NBA
Harry Potter
Kpop
Disney
Puzzle
Song
Pokémon
NFL
The Office
Soccer
Country
WWE
hide this ad
More By:
alexandrealipi3
Quiz
Plays
Rating
Category
Featured
Created
2014 World Cup nations, coaches, captains and scorers
90
3.00
Sports
Nov 22, 2017
Copa Libertadores coaches winners
45
Sports
Nov 22, 2017
Go to Creator's Profile
Score Distribution
Quiz Creator Spotlight
alexandrealipi3
Follow
Send a Message
Quizzes Created
-
Created Quiz Play Count
-
More By This Creator
Popular Quizzes Today
1
Find the US States - No Outlines Minefield
2
Find the Countries of Europe - No Outlines Minefield
3
Find the US States
4
The Countries of the World
5
Risky Map Clicking: Biggest States A-Z
6
US States
7
Popular People in 1961
8
Movies - When Are They Set?
More Sports Quizzes
Win The Champions League: 2016–17
Quiz Lab
Trending Quizzes
Risky Map Clicking: Least Populous States A-Z
1-10 Letter G Words
1-10 Letter F Words
Countries of the World: 200 Million BC
Risky Map Clicking: Next State Alphabetically
Recently Updated
Rides in Walt Disney World
pecheneg
Most Oscar Losses (Acting)
pecheneg
Beyoncé Albums
pecheneg
Leaping Animals
pecheneg
Reality TV Shows (A-Z)
bhenderson79
Rickey Henderson's Hall of Fame Teammates
pecheneg
Champions League XIs: Arsenal
pecheneg
Quick Pick: Celebrities in WWE's Hall of Fame
aduchscher
A-Z Keypad Blitz II
pecheneg
Trending Topics
Disney
Anime
Harry Potter
Crossword
NBA
Marvel
Kpop
The Office
Country
NFL
Pokémon
Puzzle
Song
WWE
Soccer
Your Account Isn't Verified!
In order to create a playlist on Sporcle, you need to verify the email address you used during registration. Go to your
Sporcle Settings
to finish the process.
Report this User
Report this user for behavior that violates our
Community Guidelines
.
Details:
Send Report
Go to the Sporcle.com Mobile Site →
Comments